000 00734nam a2200289Ia 4500
005 20260324112440.0
008 008 260324s9999 xx 000 0 eng d
020 _a9781003344827
037 _aEBOOK
040 _aCRL
040 _beng
040 _cCRL
041 _2eng
041 _aeng
084 _qCRL
100 _aJuraida Latif; Shaakirah Dockrat; G. Hussein Rassool
_91142736
245 0 _aIntegrating Spiritual Interventions in Islamic Psychology
245 2 _bA Practical Guide
260 _bTaylor and Francis
260 _c2024
365 _a
365 _b76.99
856 _uhttp://www.taylorfrancis.com/books/9781003344827
942 _cEBOOK
999 _c1731950
_d1731950